De Husserl a Derrida (Record no. 169289)
[ view plain ]
| 000 -LEADER | |
|---|---|
| fixed length control field | 00957nam a22002417a 4500 |
| 005 - DATE AND TIME OF LATEST TRANSACTION | |
| control field | 20240111125825.0 |
| 008 - FIXED-LENGTH DATA ELEMENTS--GENERAL INFORMATION | |
| fixed length control field | 231215b sp |||||||| |||| 00| 0 spa d |
| 020 ## - INTERNATIONAL STANDARD BOOK NUMBER | |
| International Standard Book Number | 8449303478 |
| 050 04 - LIBRARY OF CONGRESS CALL NUMBER | |
| Classification number | B829.5 |
| Item number | W35 1997 |
| 100 1# - MAIN ENTRY--PERSONAL NAME | |
| Personal name | Waldenfels, Bernhard, |
| Relator term | 1934- |
| 240 ## - UNIFORM TITLE | |
| Uniform title | Einführung in die Phänomenologie |
| 245 13 - TITLE STATEMENT | |
| Title | De Husserl a Derrida |
| Remainder of title | : introducción a la fenomenología |
| Statement of responsibility, etc | / Bernhard Waldenfels ; traductor Wolfgang Wegscheider ; Revisión técnica de Joan-Carles Mèlich |
| 250 ## - EDITION STATEMENT | |
| Edition statement | 1a ed. |
| 260 ## - PUBLICATION, DISTRIBUTION, ETC. (IMPRINT) | |
| Place of publication, distribution, etc | Barcelona ; |
| Name of publisher, distributor, etc | Paidós, |
| Date of publication, distribution, etc | 1997 |
| 300 ## - PHYSICAL DESCRIPTION | |
| Extent | 191 p. ; |
| Dimensions | 20 cm. |
| 440 ## - SERIES STATEMENT/ADDED ENTRY--TITLE | |
| Title | Paidós Studio ; |
| Number of part/section of a work | No. 116 |
| 500 ## - GENERAL NOTE | |
| General note | # 820 Donacion: Dr. Rafael Mendoza 6/JUL./2021 |
| 600 ## - SUBJECT ADDED ENTRY--PERSONAL NAME | |
| Personal name | Derrida, Jacques, |
| Dates associated with a name | (1930-2004) |
| General subdivision | Crítica e interpretación |
| 650 #7 - SUBJECT ADDED ENTRY--TOPICAL TERM | |
| Source of heading or term | lemb |
| Topical term or geographic name as entry element | Fenomenología |
| General subdivision | Ensayos, conferencias, etc. |
| 700 1# - ADDED ENTRY--PERSONAL NAME | |
| Personal name | Wolfgang Wegscheider |
| Relator term | traductor |
| 700 1# - ADDED ENTRY--PERSONAL NAME | |
| Personal name | Mèlich, Joan-Carles |
| Relator term | Revisor |
| 942 ## - ADDED ENTRY ELEMENTS (KOHA) | |
| Source of classification or shelving scheme | Biblioteca del Cogreso de los Estados Unidos |
| Koha item type | Libro |
| Estado de pérdida | Fuente de clasificación | Estado del daño | No para préstamo | Ubicación permanente | Ubicación actual | Apartado o colección | Fecha de adquisición | Edición | Área del conocimiento | Total Checkouts | Clasificación | Código de Barras | Date last seen | Número de copia | Costo por reposición | Tipo de recurso |
|---|---|---|---|---|---|---|---|---|---|---|---|---|---|---|---|---|
| Biblioteca del Cogreso de los Estados Unidos | Biblioteca de la Facultad de Filosofía | Biblioteca de la Facultad de Filosofía | General | 15/12/2023 | 1a ed. | Educación y Humanidades | B829.5 W35 1997 | BFF000041026 | 15/12/2023 | C:1 | 1.00 | Libro |